000 03243pam a2200589 i 4500
001 zcodcb b8449543
003 DLC
005 20240905160747.0
008 231113s2023 nyua j b6 000 0beng
010 _a 2023020967
020 _a9780593224687
_q(pbk)
020 _a9780593224694
_q(hc)
020 _a059322468X
040 _aDLC
_beng
_erda
_cDLC
_dDLC
_dNjBwBT
_dGCmBT
042 _apcc
043 _an-us-ma
092 _ajunior graphic nonfiction
_b92 Tituba
100 1 _aFitzpatrick, Insha,
_eauthor.
_96493026
245 1 0 _aWho was accused in the Salem witch trials? :
_bTituba /
_cby Insha Fitzpatrick ; illustrated by Rowan MacColl.
246 3 0 _aTituba.
264 1 _aNew York :
_bPenguin Workshop,
_c2023.
300 _a63 pages :
_bcolor illustrations ;
_c20 cm.
336 _atext
336 _astill image
337 _aunmediated
338 _avolume
490 0 _aA who HQ graphic novel.
500 _a"An official Who HQ book"--Cover.
504 _aIncludes bibliographical references (page 63).
520 _a"Follow the terrifying events of the 1692 Salem witch trials from the perspective of Tituba, an enslaved woman who was accused of bewitching two girls, Elizabeth Parris and Abigail Williams, during this harrowing, historic period. A story of speculation, mass hysteria, and survival, this graphic novel invites readers to immerse themselves into this haunting moment in American history - brought to life by gripping narrative and vivid full-color illustrations that jump off the page"--
521 _aAges 8-12
_bPenguin Workshop, an imprint of Penguin Random House LLC.
600 0 0 _aTituba
_vJuvenile literature.
_96493027
600 0 0 _aTituba
_vComic books, strips, etc.
_96493028
600 0 1 _aTituba
_vCartoons and comics.
_96493029
650 0 _aEnslaved persons
_zMassachusetts
_vBiography
_vJuvenile literature.
_96493030
650 0 _aEnslaved persons
_zMassachusetts
_vBiography
_vComic books, strips, etc.
_96493031
650 0 _aTrials (Witchcraft)
_zMassachusetts
_zSalem
_xHistory
_y17th century
_vJuvenile literature.
_96493032
650 0 _aTrials (Witchcraft)
_zMassachusetts
_zSalem
_xHistory
_y17th century
_vComic books, strips, etc.
_96493033
650 0 _aWitchcraft
_zMassachusetts
_zSalem
_xHistory
_vJuvenile literature.
_96493034
650 0 _aWitchcraft
_zMassachusetts
_zSalem
_xHistory
_vComic books, strips, etc.
_96493035
650 1 _aEnslaved persons
_vCartoons and comics.
_96493036
650 1 _aWomen
_vBiography
_vCartoons and comics.
_96384031
650 1 _aTrials (Witchcraft)
_zMassachusetts
_zSalem
_xHistory
_y17th century
_vCartoons and comics.
_96493037
650 1 _aWitchcraft
_zMassachusetts
_zSalem
_xHistory
_vCartoons and comics.
_96493038
650 1 _aGraphic novels.
651 0 _aSalem (Mass.)
_xHistory
_yColonial period, ca. 1600-1775
_vJuvenile literature.
_96493039
651 0 _aSalem (Mass.)
_xHistory
_yColonial period, ca. 1600-1775
_vComic books, strips, etc.
_96493040
651 1 _aSalem (Mass.)
_xHistory
_yColonial period, ca. 1600-1775
_vCartoons and comics.
_96493041
655 7 _aGraphic novels.
_2lcgft.
700 1 _aMacColl, Rowan,
_eillustrator.
_96493042
942 _2ddc
_cBOOK
999 _c399995
_d399995